| 000 | 00736nam a2200205 i 4500 | ||
|---|---|---|---|
| 003 | OSt | ||
| 005 | 20251209125422.0 | ||
| 008 | 251209s2025 my a gr 000 p may d | ||
| 040 |
_aPPAK _beng _cPPAK _erda |
||
| 100 | 0 |
_aFauzi Isa, _eauthor. |
|
| 245 | 1 | 0 |
_aARTIKEL PILIHAN 2025 : _bTANAH SEBIDANG KASIH / _cFAUZI ISA |
| 264 | 0 |
_aAlor Setar, Kedah : _bUnit Koleksi Kedah, Perbadanan Perpustakaan Awam Kedah, _c2025 |
|
| 300 |
_a1 page : _billustrations ; _c30 cm |
||
| 336 |
_atext _2rdacontent |
||
| 337 |
_aunmediated _2rdamedia |
||
| 337 |
_astill image _2rdamedia |
||
| 338 |
_avolume _2rdacarrier |
||
| 500 | _aSelected articles from column [Puisi] : Tunas Cipta Bil.10/2025. Located at Unit Koleksi Kedah. | ||
| 942 |
_2ddc _cB |
||
| 999 |
_c202032 _d202032 |
||